[Event "HUN-chT2 Asztalos 0607"]
[Site "Hungary"]
[Date "2007.03.04"]
[Round "6"]
[White "Szunyogh, Istvan"]
[Black "Ronga, Attila"]
[Result "1/2-1/2"]
[WhiteElo "2052"]
[BlackElo "2109"]
[PlyCount "124"]
[EventDate "2006.11.12"]
[EventType "team-tourn"]
[EventRounds "11"]
[EventCountry "HUN"]
[SourceTitle "EXT 2008"]
[Source "ChessBase"]
[SourceDate "2007.11.25"]
[SourceVersion "1"]
[SourceVersionDate "2007.11.25"]
[SourceQuality "1"]
[WhiteTeam "MAV Elore"]
[BlackTeam "Szenna Pack II"]
[WhiteTeamCountry "HUN"]
[BlackTeamCountry "HUN"]

1. c4 Nf6 2. Nc3 e6 3. b3 d5 4. cxd5 exd5 5. Bb2 Bf5 6. g3 c6 7. Bg2 Bd6 8. Nf3 Nbd7 9. 0-0 0-0 10. Re1 Nc5 11. d3 Bg4 12. Qc2 Ne6 13. e4 Bxf3 14. Bxf3 Nd4 15. Qd1 Bb4 16. a3 Ba5 17. Bg2 dxe4 18. dxe4 Ne6 19. b4 Bb6 20. e5 Qxd1 21. Raxd1 Ng4 22. Ne4 Rad8 23. h3 Rxd1 24. Rxd1 f5 25. exf6 Nxf6 26. Nxf6+ gxf6 27. Rd6 Nc7 28. Kf1 Kg7 29. Be4 Rf7 30. g4 h6 31. h4 Nb5 32. Rd3 Re7 33. Bf5 Nc7 34. g5 hxg5 35. hxg5 Ne8 36. Bd7 Kg6 37. Bxe8+ Rxe8 38. Bxf6 Re4 39. Kg2 Re2 40. Rf3 a5 41. Kf1 Re4 42. Rb3 a4 43. Rd3 Rf4 44. f3 Kf5 45. Kg2 Rc4 46. Rd7 Rc2+ 47. Kh3 Be3 48. Bd8 Bxg5 49. Bxg5 Kxg5 50. Rxb7 Rc3 51. Kg3 Rxa3 52. Ra7 Ra1 53. Ra5+ Kf6 54. Rc5 Rb1 55. Rxc6+ Ke5 56. f4+ Kd5 57. Rb6 Kc4 58. f5 a3 59. Ra6 Rb3+ 60. Kg4 Kb5 61. Ra7 Rxb4+ 62. Kg5 Ra4 1/2-1/2

[Event "HUN-chT2 Asztalos 0506"]
[Site "Hungary"]
[Date "2005.11.13"]
[Round "3"]
[White "Gyugyi, Peter"]
[Black "Ronga, Attila"]
[Result "0-1"]
[WhiteElo "2122"]
[BlackElo "2096"]
[PlyCount "145"]
[EventDate "2005.10.16"]
[EventType "team-tourn"]
[EventRounds "11"]
[EventCountry "HUN"]
[SourceTitle "EXT 2009"]
[Source "ChessBase"]
[SourceDate "2008.11.26"]
[SourceVersion "1"]
[SourceVersionDate "2008.11.26"]
[SourceQuality "1"]
[WhiteTeam "Nagyatad"]
[BlackTeam "Szenna Pack II"]
[WhiteTeamCountry "HUN"]
[BlackTeamCountry "HUN"]

1. e4 c5 2. Nf3 Nc6 3. d4 cxd4 4. Nxd4 d6 5. c4 Nf6 6. Nc3 Bd7 7. f3 a6 8. Be3 Rb8 9. Qd2 Qc7 10. Rc1 Qd8 11. Nb3 Na5 12. Nxa5 Qxa5 13. b4 Qd8 14. a4 a5 15. Nb5 axb4 16. Qxb4 b6 17. Be2 g6 18. 0-0 Bg7 19. Rfd1 0-0 20. Bf4 Rb7 21. g4 Bxb5 22. cxb5 Nd7 23. Bc4 Ne5 24. Bd5 Rb8 25. Kg2 e6 26. Bc6 Qf6 27. Bxe5 dxe5 28. Qd2 Qh4 29. Qf2 Qg5 30. Rc3 Rfd8 31. Rcd3 Rd4 32. h3 Rbd8 33. Rxd4 exd4 34. f4 Qc5 35. Qd2 d3 36. e5 Rd4 37. a5 bxa5 38. Qxa5 Rxf4 39. Qd8+ Bf8 40. Qxd3 Qxe5 41. Rf1 Qb2+ 42. Kh1 Rxf1+ 43. Qxf1 Bd6 44. Qg2 Qc1+ 45. Qg1 Qc3 46. Qg2 Qe5 47. Kg1 Bc5+ 48. Kf1 Qe3 49. Qf3 Qc1+ 50. Ke2 Qc2+ 51. Kf1 Kf8 52. Qe2 Qc1+ 53. Qe1 Qf4+ 54. Kg2 e5 55. Qg3 Qd2+ 56. Kf1 f6 57. Qf3 Ke7 58. Qe2 Qf4+ 59. Qf3 Qxf3+ 60. Bxf3 f5 61. Bc6 Kd6 62. Ke2 e4 63. Bb7 Ke5 64. gxf5 gxf5 65. Bc8 f4 66. Bg4 h6 67. Bh5 Kf5 68. Bf7 f3+ 69. Kf1 Kf4 70. Be6 e3 71. Bc4 Bb6 72. Bd3 Kg3 73. Bc4 0-1

[Event "HUN-chT2 Asztalos 0506"]
[Site "Hungary"]
[Date "2005.10.16"]
[Round "1"]
[White "Ronga, Attila"]
[Black "Botos, Ferenc"]
[Result "0-1"]
[WhiteElo "2096"]
[BlackElo "2196"]
[PlyCount "66"]
[EventDate "2005.10.16"]
[EventType "team-tourn"]
[EventRounds "11"]
[EventCountry "HUN"]
[SourceTitle "EXT 2009"]
[Source "ChessBase"]
[SourceDate "2008.11.26"]
[SourceVersion "1"]
[SourceVersionDate "2008.11.26"]
[SourceQuality "1"]
[WhiteTeam "Szenna Pack II"]
[BlackTeam "Fehervar"]
[WhiteTeamCountry "HUN"]
[BlackTeamCountry "HUN"]

1. e4 d5 2. exd5 Qxd5 3. Nc3 Qa5 4. d4 c6 5. Nf3 Nf6 6. h3 Bf5 7. Bd3 Bxd3 8. Qxd3 e6 9. 0-0 Bd6 10. Ne4 Nxe4 11. Qxe4 Nd7 12. Bd2 Qd5 13. Qd3 Nf6 14. c4 Qh5 15. Qb3 0-0-0 16. a4 h6 17. a5 a6 18. d5 exd5 19. cxd5 Qxd5 20. Qc2 Bc7 21. Ra4 Rhe8 22. Rc1 Re4 23. b4 Qb5 24. Ra3 Re2 25. Qc3 Ne4 26. Qxg7 Nxd2 27. Qxf7 Nxf3+ 28. Rxf3 Qxb4 29. g3 Re1+ 30. Rxe1 Qxe1+ 31. Kg2 Rd1 32. Qg8+ Bd8 33. Qg4+ Kb8 0-1

[Event "HUN-chT2 Asztalos 0304"]
[Site "Hungary"]
[Date "2004.04.18"]
[Round "11"]
[White "Kohalmi, Endre Jr"]
[Black "Ronga, Attila"]
[Result "1-0"]
[WhiteElo "2047"]
[BlackElo "2071"]
[PlyCount "93"]
[EventDate "2003.08.29"]
[EventType "team-tourn"]
[EventRounds "11"]
[EventCountry "HUN"]
[SourceTitle "EXT 2009"]
[Source "ChessBase"]
[SourceDate "2008.11.26"]
[SourceVersion "1"]
[SourceVersionDate "2008.11.26"]
[SourceQuality "1"]
[WhiteTeam "Komlo Banyasz"]
[BlackTeam "Szenna Pack II"]
[WhiteTeamCountry "HUN"]
[BlackTeamCountry "HUN"]

1. d4 Nf6 2. c4 e6 3. Nf3 d5 4. Nc3 Nbd7 5. Bg5 c6 6. cxd5 exd5 7. e3 Be7 8. Bd3 0-0 9. Qc2 Re8 10. 0-0 h6 11. Bf4 Nh5 12. Nxd5 Nxf4 13. Nxf4 Nf6 14. Bc4 Bd6 15. Nd3 Bf5 16. Qb3 Qe7 17. Nde5 Rf8 18. Nh4 Be4 19. Nhg6 Bxg6 20. Nxg6 Qe4 21. Bd3 Qg4 22. h3 Qg5 23. f4 Qh5 24. Nxf8 Rxf8 25. e4 Bc7 26. e5 Nd5 27. Be4 Nb6 28. Rad1 Rd8 29. g4 Qh4 30. Rf3 a5 31. a4 h5 32. g5 Nd5 33. Bxd5 Rxd5 34. Qxb7 Bxe5 35. Qc8+ Kh7 36. Qf5+ g6 37. Qxe5 Rxe5 38. dxe5 Kg7 39. Kf1 Kf8 40. Rc1 Ke7 41. Rxc6 Kd7 42. Rc5 Ke6 43. Rxa5 Kf5 44. Rb5 Ke4 45. Rbb3 Kf5 46. a5 f6 47. exf6 1-0

[Event "HUN-chT2 Asztalos 0304"]
[Site "Hungary"]
[Date "2003.12.07"]
[Round "5"]
[White "Ronga, Attila"]
[Black "Osztobanyi, Zoltan"]
[Result "0-1"]
[WhiteElo "2071"]
[BlackElo "2187"]
[PlyCount "62"]
[EventDate "2003.08.29"]
[EventType "team-tourn"]
[EventRounds "11"]
[EventCountry "HUN"]
[SourceTitle "EXT 2009"]
[Source "ChessBase"]
[SourceDate "2008.11.26"]
[SourceVersion "1"]
[SourceVersionDate "2008.11.26"]
[SourceQuality "1"]
[WhiteTeam "Szenna Pack II"]
[BlackTeam "Kiraly Sakk"]
[WhiteTeamCountry "HUN"]
[BlackTeamCountry "HUN"]

1. e4 c5 2. c3 d5 3. exd5 Qxd5 4. d4 Nf6 5. Nf3 Nc6 6. Na3 Bg4 7. Be2 cxd4 8. Nb5 0-0-0 9. Nbxd4 Qe4 10. Qb3 Nxd4 11. cxd4 e6 12. Be3 Bd6 13. 0-0 Qd5 14. Qa4 Kb8 15. Rac1 Nd7 16. Rc3 Nb6 17. Qc2 Bf5 18. Bd3 Bxd3 19. Qxd3 h6 20. b3 g5 21. Nd2 Bb4 22. Rc2 e5 23. Nc4 exd4 24. Nxb6 axb6 25. Rd1 Rhe8 26. Kf1 Qe5 27. Rc4 Bc5 28. b4 dxe3 29. Qxd8+ Rxd8 30. Rxd8+ Kc7 31. Rd3 Qa1+ 0-1

[Event "Zalakaros op 22nd"]
[Site "Zalakaros"]
[Date "2003.05.16"]
[Round "1"]
[White "Ronga, Attila"]
[Black "Csiszar, Csaba"]
[Result "0-1"]
[WhiteElo "2086"]
[BlackElo "2385"]
[PlyCount "124"]
[EventDate "2003.05.16"]
[EventType "swiss"]
[EventRounds "9"]
[EventCountry "HUN"]
[SourceTitle "EXT 2005"]
[Source "ChessBase"]
[SourceDate "2004.11.15"]
[SourceVersion "1"]
[SourceVersionDate "2004.11.15"]
[SourceQuality "1"]

1. e4 c5 2. c3 d6 3. d4 Nf6 4. Be3 g6 5. dxc5 dxc5 6. Bb5+ Nfd7 7. Nf3 Bg7 8. h4 Qc7 9. h5 Nc6 10. hxg6 hxg6 11. Rxh8+ Bxh8 12. Qd5 e6 13. Qg5 Bf6 14. Qh6 a6 15. Ba4 b5 16. Bc2 Bb7 17. Bf4 Nce5 18. Nbd2 0-0-0 19. 0-0-0 Rh8 20. Bxe5 Nxe5 21. Qe3 Kb8 22. g3 Ng4 23. Qe2 b4 24. cxb4 cxb4 25. Kb1 Qc5 26. Rf1 Rc8 27. Nb3 Qh5 28. Qd2 Ne5 29. Qd6+ Rc7 30. Nxe5 Qxe5 31. Qxe5 Bxe5 32. f4 Bd6 33. e5 Be7 34. Nd2 Rd7 35. Nc4 Rd4 36. b3 Bd5 37. Rd1 Rxd1+ 38. Bxd1 Kc7 39. Kc2 Be4+ 40. Kd2 Bc5 41. g4 Be7 42. Be2 g5 43. Ke3 Bd5 44. f5 Bc5+ 45. Kd3 Bc6 46. Nd2 Bb5+ 47. Nc4 a5 48. Bf3 a4 49. Bd1 a3 50. Bf3 Bf2 51. Ba8 Bg3 52. Kc2 Bxc4 53. bxc4 exf5 54. gxf5 Bxe5 55. Bd5 f6 56. Kb3 Bd6 57. Be4 Bc5 58. Kc2 Kd6 59. Kc1 Ke5 60. Bc2 g4 61. Kd2 g3 62. Ke2 g2 0-1

[Event "HUN-chT2 Asztalos 0203"]
[Site "Hungary"]
[Date "2003.04.06"]
[Round "10"]
[White "Ronga, Attila"]
[Black "Czibulka, Zoltan"]
[Result "0-1"]
[WhiteElo "2086"]
[BlackElo "2215"]
[PlyCount "79"]
[EventDate "2002.09.22"]
[EventType "team-tourn"]
[EventRounds "11"]
[EventCountry "HUN"]
[SourceTitle "EXT 2009"]
[Source "ChessBase"]
[SourceDate "2008.11.26"]
[SourceVersion "1"]
[SourceVersionDate "2008.11.26"]
[SourceQuality "1"]

1. e4 e6 2. d4 d5 3. exd5 exd5 4. Bd3 Bd6 5. Nf3 Ne7 6. Bg5 f6 7. Bh4 Bf5 8. Bg3 0-0 9. Bxd6 Qxd6 10. 0-0 Bxd3 11. Qxd3 c6 12. Nc3 Na6 13. Ne2 Rfe8 14. Rae1 g6 15. Qd2 Kg7 16. Ng3 Rad8 17. Re2 Nc7 18. Rfe1 Nc8 19. h4 h5 20. c3 Ne6 21. Qc2 Qd7 22. Qd2 Nd6 23. b3 Kf7 24. Kf1 Ng7 25. Qf4 Ngf5 26. Nxf5 Nxf5 27. g3 Rxe2 28. Rxe2 Kg7 29. Kg2 Nd6 30. Nd2 b5 31. f3 Kf7 32. Qe3 Nf5 33. Qf2 Re8 34. Qe1 Rxe2+ 35. Qxe2 Qd6 36. Nf1 Qa3 37. Kh3 Qc1 38. Nh2 Qxc3 39. g4 Nxd4 40. g5 0-1

[Event "HUN-chT2 Asztalos 0203"]
[Site "Hungary"]
[Date "2003.03.02"]
[Round "8"]
[White "Fekete, Lajos"]
[Black "Ronga, Attila"]
[Result "0-1"]
[WhiteElo "2018"]
[BlackElo "2086"]
[PlyCount "64"]
[EventDate "2002.09.22"]
[EventType "team-tourn"]
[EventRounds "11"]
[EventCountry "HUN"]
[SourceTitle "EXT 2009"]
[Source "ChessBase"]
[SourceDate "2008.11.26"]
[SourceVersion "1"]
[SourceVersionDate "2008.11.26"]
[SourceQuality "1"]

1. d4 Nf6 2. c4 e6 3. a3 b6 4. Nc3 Bb7 5. Bg5 d5 6. e3 Be7 7. Nf3 0-0 8. Rc1 Nbd7 9. Bd3 Re8 10. 0-0 h6 11. Bh4 a6 12. Bg3 Rc8 13. Nd2 c5 14. cxd5 exd5 15. dxc5 Nxc5 16. Bb1 Bd6 17. Bxd6 Qxd6 18. b4 Ne6 19. Nf3 Qe7 20. Bf5 Rc7 21. Bxe6 fxe6 22. Ne5 Rec8 23. Qd4 Ne4 24. Ne2 Qd6 25. Rxc7 Qxc7 26. f3 Nd6 27. Rc1 Nc4 28. Nxc4 dxc4 29. a4 b5 30. axb5 axb5 31. Qg4 Qe5 32. Nd4 Qxe3+ 0-1

[Event "HUN-chT2 Asztalos 0203"]
[Site "Hungary"]
[Date "2003.02.16"]
[Round "7"]
[White "Ronga, Attila"]
[Black "Gal, Peter"]
[Result "1-0"]
[WhiteElo "2086"]
[BlackElo "2064"]
[PlyCount "103"]
[EventDate "2002.09.22"]
[EventType "team-tourn"]
[EventRounds "11"]
[EventCountry "HUN"]
[SourceTitle "EXT 2009"]
[Source "ChessBase"]
[SourceDate "2008.11.26"]
[SourceVersion "1"]
[SourceVersionDate "2008.11.26"]
[SourceQuality "1"]

1. e4 c6 2. d4 d5 3. Nc3 dxe4 4. Nxe4 Bf5 5. Ng3 Bg6 6. Nf3 Nd7 7. Nh4 Ngf6 8. Nxg6 hxg6 9. Bc4 e6 10. c3 Bd6 11. Qf3 Qc7 12. Bg5 0-0-0 13. 0-0-0 Rde8 14. Kb1 Qa5 15. h4 Bxg3 16. fxg3 Qf5+ 17. Bd3 Qxf3 18. gxf3 e5 19. Bc4 Re7 20. Rhe1 Rhe8 21. Bb3 exd4 22. Rxe7 Rxe7 23. cxd4 Nb6 24. Kc2 a5 25. a4 Re2+ 26. Rd2 Rxd2+ 27. Bxd2 Nbd5 28. Bxa5 Nh5 29. Be1 Kd7 30. Bxd5 cxd5 31. Kd3 Ke6 32. b4 Nf6 33. a5 Ne8 34. b5 Kd7 35. Kc3 Nc7 36. Kb4 Ne6 37. Bc3 Kc7 38. Bb2 Kd7 39. Kc3 Nc7 40. Kb4 Ne6 41. a6 bxa6 42. bxa6 Kc6 43. a7 Nc7 44. Bc1 Kb7 45. Kc5 Kxa7 46. Bf4 Ne6+ 47. Kxd5 Kb7 48. Be5 Kc8 49. Kd6 Kd8 50. d5 Nc7 51. Kc6 Ne8 52. Bc3 1-0

[Event "HUN-chT2 Asztalos 0203"]
[Site "Hungary"]
[Date "2002.10.13"]
[Round "2"]
[White "Percze, Janos"]
[Black "Ronga, Attila"]
[Result "1-0"]
[WhiteElo "2206"]
[BlackElo "2086"]
[PlyCount "85"]
[EventDate "2002.09.22"]
[EventType "team-tourn"]
[EventRounds "11"]
[EventCountry "HUN"]
[SourceTitle "EXT 2009"]
[Source "ChessBase"]
[SourceDate "2008.11.26"]
[SourceVersion "1"]
[SourceVersionDate "2008.11.26"]
[SourceQuality "1"]

1. e4 c5 2. Nf3 Nc6 3. d4 cxd4 4. Nxd4 g6 5. Nc3 Bg7 6. Be3 d6 7. Qd2 Bd7 8. f3 a6 9. 0-0-0 b5 10. Kb1 Rc8 11. g4 Ne5 12. Nd5 Nc4 13. Bxc4 bxc4 14. Ne2 Rb8 15. Bd4 f6 16. h4 Nh6 17. g5 Nf7 18. gxf6 exf6 19. Qc3 Ne5 20. f4 Bg4 21. Rde1 Nd7 22. Qxc4 Rc8 23. Qxa6 0-0 24. Qxd6 Re8 25. Ndc3 Qa5 26. Qd5+ Qxd5 27. exd5 Bh6 28. Rhg1 f5 29. Kc1 Rc4 30. b3 Rcc8 31. Kd2 Ne5 32. Bxe5 Rxe5 33. Kd3 Ree8 34. Rgf1 Bg7 35. Nd4 Red8 36. Re6 Rc5 37. b4 Rc7 38. d6 Ra7 39. Nc6 Ra3 40. Nxd8 Rxc3+ 41. Kd2 Rc8 42. Re8+ Bf8 43. d7 1-0

[Event "HUN-chT3 0102"]
[Site "Hungary"]
[Date "2001.10.14"]
[Round "2.2"]
[White "Banusz, Tamas"]
[Black "Ronga, Attila"]
[Result "1-0"]
[WhiteElo "2197"]
[BlackElo "2086"]
[PlyCount "89"]
[EventDate "2001.09.30"]
[EventType "team-tourn"]
[EventRounds "11"]
[EventCountry "HUN"]
[SourceTitle "EXT 2004"]
[Source "ChessBase"]
[SourceDate "2003.11.25"]
[SourceVersion "1"]
[SourceVersionDate "2003.11.25"]
[SourceQuality "1"]

1. d4 Nf6 2. c4 e6 3. Nf3 d5 4. Nc3 Nbd7 5. cxd5 exd5 6. Bg5 c6 7. e3 Be7 8. Bd3 h6 9. Bh4 0-0 10. Qc2 Re8 11. 0-0 Ne4 12. Bxe7 Qxe7 13. Rab1 Ndf6 14. b4 Nxc3 15. Qxc3 a6 16. a4 Be6 17. Rfc1 Rec8 18. Qb2 Nd7 19. Nd2 Qg5 20. Nb3 Nb6 21. Nc5 Rab8 22. Qe2 Bf5 23. Bxf5 Qxf5 24. b5 cxb5 25. axb5 a5 26. Ra1 Nc4 27. e4 Qg6 28. Nd7 Ra8 29. exd5 Qd6 30. Nc5 Nb6 31. Qe5 Qxe5 32. dxe5 Nxd5 33. Nxb7 Nc3 34. Kf1 Nxb5 35. Rxc8+ Rxc8 36. Rxa5 Nd4 37. g3 g5 38. Kg2 Kg7 39. Nd6 Rf8 40. Ra7 Kg6 41. f4 f6 42. e6 Rb8 43. e7 Nc6 44. f5+ Kh5 45. e8Q+ 1-0

[Event "HUN-chT3 0102"]
[Site "Hungary"]
[Date "2001.09.30"]
[Round "1.2"]
[White "Ronga, Attila"]
[Black "Horvath, Miklos"]
[Result "0-1"]
[WhiteElo "2086"]
[BlackElo "2235"]
[PlyCount "44"]
[EventDate "2001.09.30"]
[EventType "team-tourn"]
[EventRounds "11"]
[EventCountry "HUN"]
[SourceTitle "EXT 2004"]
[Source "ChessBase"]
[SourceDate "2003.11.25"]
[SourceVersion "1"]
[SourceVersionDate "2003.11.25"]
[SourceQuality "1"]

1. e4 e5 2. Nf3 Nc6 3. d4 exd4 4. Nxd4 Bc5 5. Be3 Qf6 6. c3 Nge7 7. Bc4 Qg6 8. 0-0 a6 9. Bd3 Ne5 10. Bc2 d6 11. Qe2 0-0 12. Nd2 f5 13. N4f3 Nxf3+ 14. Qxf3 fxe4 15. Bxe4 Rxf3 16. Bxg6 Rxe3 17. fxe3 Nxg6 18. Kh1 Bd7 19. Rae1 Re8 20. e4 Ne5 21. Nb3 Bb5 22. Rf5 g6 0-1

[Event "Pannon Cup 2nd"]
[Site "Kaposvar "]
[Date "2000.07.19"]
[Round "7"]
[White "Horvath, Attila"]
[Black "Ronga, Attila"]
[Result "1-0"]
[WhiteElo "2045"]
[BlackElo "2120"]
[PlyCount "72"]
[EventDate "2000.07.13"]
[EventType "swiss"]
[EventRounds "9"]
[EventCountry "HUN"]
[SourceTitle "EXT 2004"]
[Source "ChessBase"]
[SourceDate "2003.11.25"]
[SourceVersion "1"]
[SourceVersionDate "2003.11.25"]
[SourceQuality "1"]

1. e4 c5 2. d4 cxd4 3. c3 g6 4. Nf3 Bg7 5. cxd4 d6 6. Bc4 Nf6 7. Nc3 Nbd7 8. Bxf7+ Kxf7 9. Ng5+ Ke8 10. Qb3 d5 11. Nxd5 Nb6 12. Nxb6 Qxb6 13. Qf7+ Kd8 14. Qxg7 Rg8 15. Qh6 Qb5 16. Bd2 b6 17. e5 Nd5 18. Qxh7 Rf8 19. e6 Ba6 20. 0-0-0 Kc7 21. Qh3 Kb7 22. Kb1 Rxf2 23. Ka1 Rc8 24. Ne4 Re2 25. Nc3 Nxc3 26. Bxc3 Rf8 27. Rhe1 Ref2 28. Qh4 g5 29. Qe4+ Kb8 30. d5 Rc8 31. Be5+ Ka8 32. d6+ Bb7 33. d7 Rd8 34. Qd4 Rxg2 35. Bc7 Bf3 36. Bxd8 Bxd1 1-0

[Event "Pannon Cup 2nd"]
[Site "Kaposvar "]
[Date "2000.??.??"]
[Round "6"]
[White "Ronga, Attila"]
[Black "Kadlicsko, Jozsef"]
[Result "0-1"]
[WhiteElo "2120"]
[BlackElo "2123"]
[PlyCount "96"]
[EventDate "2000.07.13"]
[EventType "swiss"]
[EventRounds "9"]
[EventCountry "HUN"]
[SourceTitle "EXT 2004"]
[Source "ChessBase"]
[SourceDate "2003.11.25"]
[SourceVersion "1"]
[SourceVersionDate "2003.11.25"]
[SourceQuality "1"]

1. e4 d6 2. f4 g6 3. Nf3 Nf6 4. d3 Bg7 5. Be2 c5 6. 0-0 Nc6 7. c3 0-0 8. Na3 Rb8 9. Nc2 b5 10. a3 a5 11. Bd2 Qb6 12. Kh1 a4 13. Qe1 Na5 14. Qh4 Nb3 15. Rad1 Qc7 16. Ne3 Nxd2 17. Rxd2 b4 18. cxb4 cxb4 19. e5 bxa3 20. bxa3 Nd7 21. Nd5 Qa5 22. Nxe7+ Kh8 23. Nc6 Qc5 24. Nxb8 Nxb8 25. d4 Qxa3 26. Bc4 Qb4 27. Ng5 h6 28. Nxf7+ Kh7 29. Ng5+ Kh8 30. Rc2 Bf5 31. Rcc1 dxe5 32. Nf7+ Kh7 33. Nxe5 a3 34. Qf2 Nd7 35. Ba2 Nf6 36. Bb1 Ne4 37. Bxe4 Bxe4 38. Qe3 Qb7 39. Rf2 Ra8 40. Ra2 Bd5 41. Rxa3 Qb2 42. Rg1 Rxa3 43. Qe1 Qxd4 44. Qh4 Qe4 45. h3 Bf6 46. Qg4 Bxe5 47. fxe5 Qxg4 48. hxg4 Rh3# 0-1

[Event "Harkany Tenkes Cup"]
[Site "Harkany"]
[Date "1999.11.30"]
[Round "9"]
[White "Ronga, Attila"]
[Black "Boguszlavszkij, Jevgenyij"]
[Result "0-1"]
[WhiteElo "2127"]
[BlackElo "2295"]
[PlyCount "70"]
[EventDate "1999.11.??"]
[EventType "swiss"]
[EventRounds "9"]
[EventCountry "HUN"]
[SourceTitle "EXT 2004"]
[Source "ChessBase"]
[SourceDate "2003.11.25"]
[SourceVersion "1"]
[SourceVersionDate "2003.11.25"]
[SourceQuality "1"]

1. e4 c6 2. f4 d5 3. e5 Bf5 4. d4 e6 5. Nf3 Nd7 6. Bd3 Nh6 7. 0-0 c5 8. c3 Qb6 9. Kh1 Bxd3 10. Qxd3 Nf5 11. g4 Ne7 12. f5 h6 13. Nbd2 0-0-0 14. c4 cxd4 15. b4 Nc6 16. fxe6 fxe6 17. c5 Qxb4 18. Rb1 Nxc5 19. Qg6 Qa5 20. Bb2 Kb8 21. Bxd4 Rc8 22. Bxc5 Qxc5 23. Qxe6 Nd8 24. Qd7 Qc6 25. Qf5 Bc5 26. Rfc1 Rf8 27. Qd3 Ne6 28. h3 Nf4 29. Qb3 Qd7 30. Kh2 Bb6 31. Rd1 h5 32. Kg3 hxg4 33. hxg4 Ne2+ 34. Kh3 Rh8+ 35. Nh4 Rc3+ 0-1

[Event "Harkany Tenkes Cup"]
[Site "Harkany"]
[Date "1999.11.28"]
[Round "7"]
[White "Ronga, Attila"]
[Black "Fasser, Walter"]
[Result "1/2-1/2"]
[WhiteElo "2127"]
[BlackElo "2053"]
[PlyCount "66"]
[EventDate "1999.11.??"]
[EventType "swiss"]
[EventRounds "9"]
[EventCountry "HUN"]
[SourceTitle "EXT 2004"]
[Source "ChessBase"]
[SourceDate "2003.11.25"]
[SourceVersion "1"]
[SourceVersionDate "2003.11.25"]
[SourceQuality "1"]

1. e4 g6 2. f4 d6 3. Nf3 Bg7 4. Be2 Nc6 5. c3 Nf6 6. d3 0-0 7. 0-0 Bg4 8. Nbd2 d5 9. e5 Nd7 10. d4 Nb6 11. Bd3 f5 12. Qe1 Bxf3 13. Nxf3 e6 14. b3 Qd7 15. h4 Rfe8 16. Qg3 Nd8 17. Qh3 h5 18. Bd2 Nf7 19. Ng5 Nxg5 20. hxg5 c5 21. a4 a6 22. a5 Nc8 23. Be3 Qc7 24. Rfc1 Na7 25. c4 dxc4 26. Bxc4 Nc6 27. dxc5 Nxa5 28. b4 Nxc4 29. Rxc4 Qc6 30. Bf2 Red8 31. Qc3 Rd5 32. Rd4 Rad8 33. Rad1 Kf7 1/2-1/2

[Event "Harkany Tenkes Cup"]
[Site "Harkany"]
[Date "1999.11.25"]
[Round "4"]
[White "Ronga, Attila"]
[Black "Kinez, Ivo"]
[Result "1-0"]
[WhiteElo "2127"]
[BlackElo "2083"]
[PlyCount "123"]
[EventDate "1999.11.??"]
[EventType "swiss"]
[EventRounds "9"]
[EventCountry "HUN"]
[SourceTitle "EXT 2004"]
[Source "ChessBase"]
[SourceDate "2003.11.25"]
[SourceVersion "1"]
[SourceVersionDate "2003.11.25"]
[SourceQuality "1"]

1. e4 c5 2. f4 d6 3. Nf3 Nc6 4. Be2 Nf6 5. d3 g6 6. c3 Bg7 7. Na3 0-0 8. 0-0 a6 9. Nc2 b5 10. Qe1 Qc7 11. Kh1 e6 12. Qh4 Bb7 13. Bd2 Rfe8 14. Rae1 Ne7 15. Ne3 c4 16. Ng4 Nxg4 17. Qxg4 d5 18. e5 Nf5 19. d4 a5 20. a3 Qb6 21. Qh3 b4 22. g4 bxc3 23. Bxc3 Ne7 24. Bd1 Bc6 25. Bc2 Bd7 26. Qg3 Rab8 27. Re2 f5 28. exf6 Bxf6 29. Ne5 Bxe5 30. fxe5 Rf8 31. Ref2 a4 32. Qh4 Nf5 33. gxf5 exf5 34. Re1 Qe6 35. Re3 Rf7 36. Kg1 Kg7 37. Kf1 Rg8 38. Ke1 Be8 39. Rh3 Kh8 40. Bd2 Bc6 41. Kd1 Rb8 42. Kc1 Kg8 43. Rhf3 Be8 44. Qf4 Rbb7 45. h4 h5 46. Rg3 Rg7 47. Rfg2 Rbc7 48. Rg5 Rb7 49. Bd1 Qb6 50. Bc3 Qe6 51. Rg1 Ra7 52. Qf2 Rab7 53. Bf3 Kh7 54. Qg2 Rgd7 55. Bb4 Kh8 56. Bd2 Ra7 57. Bxh5 gxh5 58. Rg8+ Kh7 59. Qg5 Ra6 60. Rg7+ Kh8 61. Rxd7 Qxd7 62. Qg8# 1-0

[Event "Harkany Tenkes Cup"]
[Site "Harkany"]
[Date "1999.11.24"]
[Round "3"]
[White "Portisch, Ferenc"]
[Black "Ronga, Attila"]
[Result "1-0"]
[WhiteElo "2385"]
[BlackElo "2127"]
[PlyCount "75"]
[EventDate "1999.11.??"]
[EventType "swiss"]
[EventRounds "9"]
[EventCountry "HUN"]
[SourceTitle "EXT 2004"]
[Source "ChessBase"]
[SourceDate "2003.11.25"]
[SourceVersion "1"]
[SourceVersionDate "2003.11.25"]
[SourceQuality "1"]

1. d4 Nf6 2. c4 e6 3. Nc3 d5 4. Nf3 Be7 5. Bg5 h6 6. Bh4 0-0 7. e3 b6 8. Bd3 Bb7 9. 0-0 Nbd7 10. Rc1 c5 11. Bg3 Ne4 12. Qe2 Nxg3 13. hxg3 Nf6 14. Rfd1 cxd4 15. Nxd4 a6 16. Nf3 Qb8 17. cxd5 Nxd5 18. Nxd5 Bxd5 19. Bxa6 Bxa2 20. Rd7 Ra7 21. Rxa7 Qxa7 22. e4 Ra8 23. Bb5 Bb3 24. Nd4 Qa2 25. Rc7 Bc5 26. Nxb3 Qxb3 27. Bd3 Ra1+ 28. Kh2 Qd1 29. Rc8+ Bf8 30. Qxd1 Rxd1 31. Bb5 Rd2 32. f4 Rxb2 33. Be8 f6 34. Rc7 Kh7 35. f5 exf5 36. exf5 Ra2 37. Rc8 Rd2 38. Bf7 1-0